|
|
|
|
| LEADER |
05523nam a22004093i 4500 |
| 001 |
EBC6956006 |
| 003 |
MiAaPQ |
| 005 |
20231204023223.0 |
| 006 |
m o d | |
| 007 |
cr cnu|||||||| |
| 008 |
231204s2019 xx o ||||0 ger d |
| 020 |
|
|
|a 9783839443743
|q (electronic bk.)
|
| 020 |
|
|
|z 9783837643749
|
| 035 |
|
|
|a (MiAaPQ)EBC6956006
|
| 035 |
|
|
|a (Au-PeEL)EBL6956006
|
| 035 |
|
|
|a (OCoLC)1105859303
|
| 040 |
|
|
|a MiAaPQ
|b eng
|e rda
|e pn
|c MiAaPQ
|d MiAaPQ
|
| 100 |
1 |
|
|a Mackowitz, Laurin.
|
| 245 |
1 |
4 |
|a Die Säkularisierung des Exodus :
|b Zur Narration von politischer Emanzipation bei Sigmund Freud, Thomas Mann, Michael Walzer und Paolo Virno.
|
| 250 |
|
|
|a 1st ed.
|
| 264 |
|
1 |
|a Bielefeld :
|b transcript,
|c 2019.
|
| 264 |
|
4 |
|c {copy}2019.
|
| 300 |
|
|
|a 1 online resource (237 pages)
|
| 336 |
|
|
|a text
|b txt
|2 rdacontent
|
| 337 |
|
|
|a computer
|b c
|2 rdamedia
|
| 338 |
|
|
|a online resource
|b cr
|2 rdacarrier
|
| 490 |
1 |
|
|a Edition Moderne Postmoderne
|
| 505 |
0 |
|
|a Cover -- Inhaltsverzeichnis -- Einleitung -- Säkularisierung und Remythifizierung -- Philosophische Mythenabstinenz -- Das Verhältnis von Gegenaufklärung und Romantik -- Die karnevaleske Fortsetzung des Religiösen -- Banale Illusionen des Göttlichen -- Relativierung der Religion und Universalisierung des Menschen -- Feinsinnige Säkularisierung -- Humanistische Gegenmythologien -- Erneuerung der Sprache der Emanzipation -- Der Logos des Mythos -- Psychologische und politische Dimensionen des Mythos -- Die mythische Ordnung des Denkens -- Funktionen des mythischen Gedächtnisses -- Elemente politischer Mythologie -- Die Inszenierung der Macht -- Entmündigender Schicksalsglaube -- Polemiken politischer Theologie -- Die Geschichtsphilosophie des Exodus -- Titanen des Fortschritts -- Die Vergangenheit im Dienst der Zukunft -- Exodus als Revolutionsmetapher -- Sigmund Freuds ethische Exodus-Archäologie -- Die Aneignung des Exodus durch die Psychoanalyse -- Freuds Stellung auf dem Forschungsplateau -- Vorsichtiges Tasten im Dunkel der Frühgeschichte -- De- und Rekonstruktion eines Ursprungsmythos -- Prämissen der psychoanalytischen Kulturentstehungstheorie -- Indizien für Entstellungen des Textes -- Der Schluss von der Menschen-Masse auf die Ur-Horde -- Die Vererbung psychischer Strukturen -- Analogien zwischen Neurosen und Kulturentwicklung -- Der Auszug in das Reich des Urvaters -- Die langsame und entstellte „Wiederkehr des Verdrängten" -- Echnatons religiöse Revolution -- Moses' Ermordung -- Freuds säkulares Judentum -- Der kosmopolitische Auszug aus exklusiven Identitäten -- Eine Ethik der Bereitschaft zu Opposition und Verzicht -- Thomas Manns antinationale Exodus-Neuerzählung -- Moses' zwiespältiger Charakter -- Das Gesetz als propagandistisches Auftragswerk -- Genie und Hybris -- Die Verleitung des Volkes.
|
| 505 |
8 |
|
|a Gesetze als Werkzeuge der Menschenbildung -- Vernünftige Erklärungen für biblische Wunder und Feindschaften -- Eine Sprache für alles und ein Gesetz für alle -- Pragmatik des Gesetzgebens -- Die Kunst der Mythenkritik -- Bedingungen des Schreibens von den Anfängen -- Apollinische Ironie und humanistischer Humor -- Die Bändigung des Mythischen -- Literarischer Antifaschismus -- Michael Walzers kommunitaristische Exodus-Politik -- Ein Narrativ radikaler Politik -- Das Vorbild emanzipatorischer Transformation -- Gefährdete Gemeinschaften -- Die Prägung des Fortschritts -- Die Sünden des Auszugs und der Aufschub der Verheißung -- Mobilisierung und Disziplinierung -- Aufgeschobene Ankunft und eingeschränkte Verheißung -- Agitation durch Abgrenzung -- Unrecht und Übermaß von Knechtschaft -- Verlockende Dekadenz und die Angst vor der Freiheit -- Die Erneuerung der politischen Theologie des Exodus -- Freiheit durch Gehorsam gegenüber eigenen Gesetzen -- Gegensätze von Exodus-Politik und politischem Messianismus -- Beziehungen zwischen Avantgarde und Volk -- Paolo Virnos operaistische Exodus-Strategie -- Der Exodus der movimento operaio -- Die Stellung der operaistischen und postoperaistischen Exodus-Theorie auf dem Forschungsplateau -- Die Kritik am sowjetischen und am europäischen Kommunismus als Ausgangspunkt der Entwicklung in Italien -- Proletariat und Multitude -- Autonomie und Organisation -- Die konterrevolutionäre Vereinnahmung gesellschaftlichen Aufbruchs -- Die Durchsetzung des postfordistischen Produktionsregimes -- Die Postmoderne und die (Nicht-)Erfüllung der Verheißung -- Folgen der Ökonomisierung von praxis und theoria -- Der Exodus aus dem Postfordismus -- Konfrontation oder Flucht -- Wunderbare und virtuose Fähigkeiten -- Schlussfolgerungen -- Der Wunsch, verführt zu werden -- Die Wiederaneignung humanistischer Ideale.
|
| 505 |
8 |
|
|a Katastrophe und Utopie -- Die Schönheit widerständiger Frauen -- Ermahnung und Ermutigung -- Literaturverzeichnis.
|
| 588 |
|
|
|a Description based on publisher supplied metadata and other sources.
|
| 590 |
|
|
|a Electronic reproduction. Ann Arbor, Michigan : ProQuest Ebook Central, 2023. Available via World Wide Web. Access may be limited to ProQuest Ebook Central affiliated libraries.
|
| 655 |
|
4 |
|a Electronic books.
|
| 776 |
0 |
8 |
|i Print version:
|a Mackowitz, Laurin
|t Die Säkularisierung des Exodus
|d Bielefeld : transcript,c2019
|z 9783837643749
|
| 797 |
2 |
|
|a ProQuest (Firm)
|
| 830 |
|
0 |
|a Edition Moderne Postmoderne
|
| 856 |
4 |
0 |
|u https://ebookcentral.proquest.com/lib/matrademy/detail.action?docID=6956006
|z Click to View
|